000 00825nam a2200229 i 4500
001 186255
003 SpMaBN
005 20260217063018.0
008 160928s1999 sp c |||| |dspa d
020 _a84-87597-46-7
080 _a821.134.2-14"19"
100 1 _aEscarpa, Alberto,
_d1968-
_9143805
245 1 0 _aEse punto final de mi memoria /
_cAlberto Escarpa Miguel ; [prólogo de Enrique Gracia Trinidad].
260 _aPamplona :
_bMedialuna,
_c[1999]
300 _a57 p. :
_b1 retr. ;
_c21 cm.
490 1 _aColección de poesía Ángel Urrutia ;
_v37
586 _aPremio 4º Certamen Ángel Urrutia de Poesía, 1999
700 0 _aGracia Trinidad, Enrique,
_d1950-
_959477
830 0 _aColección de poesía Ángel Urrutia ;
_v37
_9225379
852 _aES-MaACL
_jN-6865
999 _c186255
_d186255